| 000 | 00687nam a2200241Ia 4500 | ||
|---|---|---|---|
| 003 | OSt | ||
| 005 | 20221005083457.0 | ||
| 006 | a|||||r|||| 00| 0 | ||
| 007 | ta | ||
| 008 | 221004b |||||||| |||| 00| 0 eng d | ||
| 024 | _a10977 | ||
| 037 | _cTextual | ||
| 040 |
_aCRL _cCRL _beng |
||
| 041 |
_2eng _aeng |
||
| 082 | _aY7:(L:394), M2 | ||
| 100 |
_aChaudhury Rafiqul Huda _9132020 |
||
| 245 | 0 | _aSocial aspects of fertility with special reference to developing countries. | |
| 260 |
_aNew Delhi _bVikas India _c1982 |
||
| 300 |
_a220p. _ccm. |
||
| 650 | _aSOCIOLOGY | ||
| 942 |
_hY7:(L:394), M2 _cTEXL _2cc |
||
| 999 |
_c991054 _d991054 |
||